000 00442nam a22001697a 4500
005 20180718125244.0
008 160526b xxu||||| |||| 00| 0 eng d
020 _a978-81-272-4790-1
041 _aeng
082 _b5286
_a658.1511
100 _aGupta, Shashi K and Sharma, R.K.
_94552
245 _aManagement Accounting
260 _aNew Delhi
_bAcademic Faundation
_c2009
300 _a39.19p,
650 _aManagement
_9241
942 _cBK
999 _c1850
_d1849